[Event "DEM U16w 2024"]
[Site "Willingen GER"]
[Date "2024.05.19"]
[Round "2"]
[White "Reich, Elisabeth"]
[Black "Trunz, Michelle"]
[Result "0-1"]
[Termination "normal"]
[Board "1"]
[WhiteElo "1799"]
[BlackElo "2049"]
[WhiteClock "00:34:13"]
[BlackClock "00:11:22"]
[PlyCount "142"]
[WhiteFideId "16239776"]
[BlackFideId "16227980"]
[EventCountry "GER"]
[EventRounds "9"]
[EventType "swiss"]
[EventDate "2024.05.18"]

1. e4 {[%clk 01:30:58]} {[%emt 00:00:02]} c5 {[%clk 01:30:57]} {[%emt
00:00:04]} 2. Nf3 {[%clk 01:31:23]} {[%emt 00:00:04]} d6 {[%clk 01:31:23]}
{[%emt 00:00:05]} 3. Bc4 {[%clk 01:31:51]} {[%emt 00:00:02]} Nf6 {[%clk
01:30:12]} {[%emt 00:01:41]} 4. d3 {[%clk 01:32:14]} {[%emt 00:00:07]} e6
{[%clk 01:28:58]} {[%emt 00:01:44]} 5. Bb3 {[%clk 01:32:35]} {[%emt 00:00:08]}
Nc6 {[%clk 01:28:55]} {[%emt 00:00:33]} 6. c3 {[%clk 01:32:59]} {[%emt
00:00:06]} Be7 {[%clk 01:28:22]} {[%emt 00:01:03]} 7. O-O {[%clk 01:33:05]}
{[%emt 00:00:24]} O-O {[%clk 01:27:51]} {[%emt 00:01:02]} 8. Nbd2 {[%clk
01:33:15]} {[%emt 00:00:19]} a6 {[%clk 01:27:32]} {[%emt 00:00:49]} 9. Re1
{[%clk 01:33:21]} {[%emt 00:00:24]} Qc7 {[%clk 01:27:25]} {[%emt 00:00:37]} 10.
Nf1 {[%clk 01:33:18]} {[%emt 00:00:33]} b5 {[%clk 01:26:51]} {[%emt 00:01:04]}
11. Ng3 {[%clk 01:32:18]} {[%emt 00:01:29]} a5 {[%clk 01:23:44]} {[%emt
00:03:38]} 12. Bc2 {[%clk 01:31:01]} {[%emt 00:01:47]} a4 {[%clk 01:19:47]}
{[%emt 00:04:28]} 13. d4 {[%clk 01:25:59]} {[%emt 00:05:31]} cxd4 {[%clk
01:14:22]} {[%emt 00:05:56]} 14. cxd4 {[%clk 01:24:17]} {[%emt 00:02:11]} e5
{[%clk 01:13:28]} {[%emt 00:01:26]} 15. d5 {[%clk 01:15:07]} {[%emt 00:09:39]}
Nb4 {[%clk 01:13:15]} {[%emt 00:00:42]} 16. Bd3 {[%clk 01:14:39]} {[%emt
00:00:56]} Bd7 {[%clk 01:05:46]} {[%emt 00:08:02]} 17. a3 {[%clk 01:12:01]}
{[%emt 00:03:08]} Nxd3 {[%clk 01:04:13]} {[%emt 00:02:03]} 18. Qxd3 {[%clk
01:12:29]} {[%emt 00:00:01]} Rfc8 {[%clk 01:04:16]} {[%emt 00:00:27]} 19. Bd2
{[%clk 01:10:38]} {[%emt 00:02:20]} Bd8 {[%clk 01:02:03]} {[%emt 00:02:43]} 20.
Rac1 {[%clk 01:09:59]} {[%emt 00:01:10]} Qa7 {[%clk 01:01:48]} {[%emt
00:00:45]} 21. Bb4 {[%clk 01:05:27]} {[%emt 00:05:02]} Bb6 {[%clk 01:01:18]}
{[%emt 00:01:01]} 22. Qe2 {[%clk 01:02:58]} {[%emt 00:02:56]} Ng4 {[%clk
00:58:28]} {[%emt 00:03:22]} 23. Rxc8+ {[%clk 01:03:10]} {[%emt 00:00:19]} Rxc8
{[%clk 00:58:47]} {[%emt 00:00:10]} 24. Rf1 {[%clk 01:03:07]} {[%emt 00:00:31]}
Qc7 {[%clk 00:55:47]} {[%emt 00:03:32]} 25. h3 {[%clk 00:59:33]} {[%emt
00:04:04]} Nf6 {[%clk 00:52:52]} {[%emt 00:03:25]} 26. Nh4 {[%clk 00:53:24]}
{[%emt 00:06:37]} g6 {[%clk 00:51:05]} {[%emt 00:02:19]} 27. Qd2 {[%clk
00:49:50]} {[%emt 00:03:59]} Qc4 {[%clk 00:46:53]} {[%emt 00:04:47]} 28. Nhf5
{[%clk 00:45:10]} {[%emt 00:05:08]} Bxf5 {[%clk 00:43:13]} {[%emt 00:04:12]}
29. exf5 {[%clk 00:37:46]} {[%emt 00:07:54]} Qxd5 {[%clk 00:32:57]} {[%emt
00:10:47]} 30. Qxd5 {[%clk 00:30:09]} {[%emt 00:08:06]} Nxd5 {[%clk 00:33:26]}
31. Bxd6 {[%clk 00:30:24]} {[%emt 00:00:16]} Bd4 {[%clk 00:32:52]} {[%emt
00:01:05]} 32. fxg6 {[%clk 00:29:58]} {[%emt 00:00:56]} hxg6 {[%clk 00:33:13]}
{[%emt 00:00:09]} 33. Rd1 {[%clk 00:29:54]} {[%emt 00:00:33]} Rd8 {[%clk
00:32:26]} {[%emt 00:01:17]} 34. Ne4 {[%clk 00:27:52]} {[%emt 00:02:31]} f5
{[%clk 00:31:30]} {[%emt 00:01:27]} 35. Nf6+ {[%clk 00:27:40]} {[%emt
00:00:42]} Nxf6 {[%clk 00:31:01]} {[%emt 00:01:00]} 36. Bxe5 {[%clk 00:28:00]}
{[%emt 00:00:09]} Bxf2+ {[%clk 00:29:53]} {[%emt 00:01:38]} 37. Kxf2 {[%clk
00:28:23]} {[%emt 00:00:07]} Rxd1 {[%clk 00:30:13]} {[%emt 00:00:11]} 38. Bxf6
{[%clk 00:28:47]} {[%emt 00:00:05]} Kf7 {[%clk 00:29:34]} {[%emt 00:01:09]} 39.
Bc3 {[%clk 00:29:07]} {[%emt 00:00:10]} Ke6 {[%clk 00:29:40]} {[%emt 00:00:24]}
40. Ke2 {[%clk 00:29:18]} {[%emt 00:00:17]} Rg1 {[%clk 00:29:07]} {[%emt
00:01:05]} 41. Kf3 {[%clk 00:29:27]} {[%emt 00:00:20]} Kd5 {[%clk 00:28:23]}
{[%emt 00:01:15]} 42. h4 {[%clk 00:28:50]} {[%emt 00:01:06]} Rf1+ {[%clk
00:27:51]} {[%emt 00:01:03]} 43. Ke2 {[%clk 00:28:29]} {[%emt 00:00:48]} Rf4
{[%clk 00:27:03]} {[%emt 00:01:21]} 44. g3 {[%clk 00:28:45]} {[%emt 00:00:14]}
Re4+ {[%clk 00:25:40]} {[%emt 00:01:54]} 45. Kf3 {[%clk 00:29:01]} {[%emt
00:00:12]} Kc4 {[%clk 00:25:36]} {[%emt 00:00:35]} 46. Kf2 {[%clk 00:28:54]}
{[%emt 00:00:35]} Kb3 {[%clk 00:24:39]} {[%emt 00:01:29]} 47. Kf3 {[%clk
00:29:05]} {[%emt 00:00:18]} Rc4 {[%clk 00:21:15]} {[%emt 00:03:55]} 48. Bf6
{[%clk 00:29:12]} {[%emt 00:00:20]} b4 {[%clk 00:18:36]} {[%emt 00:03:12]} 49.
axb4 {[%clk 00:29:32]} {[%emt 00:00:10]} Rxb4 {[%clk 00:18:00]} {[%emt
00:01:07]} 50. Bc3 {[%clk 00:29:18]} {[%emt 00:00:38]} Rc4 {[%clk 00:16:45]}
{[%emt 00:01:50]} 51. Be5 {[%clk 00:29:38]} {[%emt 00:00:08]} Kc2 {[%clk
00:15:58]} {[%emt 00:01:19]} 52. Bf6 {[%clk 00:29:44]} {[%emt 00:00:22]} Rb4
{[%clk 00:15:39]} {[%emt 00:00:52]} 53. Be5 {[%clk 00:29:40]} {[%emt 00:00:31]}
Rxb2 {[%clk 00:12:10]} {[%emt 00:04:02]} 54. Bxb2 {[%clk 00:29:46]} {[%emt
00:00:23]} Kxb2 {[%clk 00:12:39]} {[%emt 00:00:01]} 55. Kf4 {[%clk 00:29:59]}
{[%emt 00:00:17]} a3 {[%clk 00:13:05]} {[%emt 00:00:05]} 56. Kg5 {[%clk
00:30:23]} {[%emt 00:00:05]} a2 {[%clk 00:13:30]} {[%emt 00:00:05]} 57. Kxg6
{[%clk 00:30:48]} {[%emt 00:00:05]} a1=Q {[%clk 00:13:30]} {[%emt 00:00:30]}
58. Kxf5 {[%clk 00:31:11]} {[%emt 00:00:07]} Qb1+ {[%clk 00:12:16]} {[%emt
00:01:45]} 59. Kg5 {[%clk 00:31:25]} {[%emt 00:00:15]} Qc1+ {[%clk 00:09:17]}
{[%emt 00:03:29]} 60. Kh5 {[%clk 00:30:31]} {[%emt 00:01:21]} Qc5+ {[%clk
00:09:29]} {[%emt 00:00:21]} 61. Kg4 {[%clk 00:30:45]} {[%emt 00:00:15]} Qc8+
{[%clk 00:09:02]} {[%emt 00:00:58]} 62. Kf4 {[%clk 00:31:01]} {[%emt 00:00:13]}
Qh3 {[%clk 00:09:02]} {[%emt 00:00:31]} 63. Kf3 {[%clk 00:31:17]} {[%emt
00:00:13]} Qf5+ {[%clk 00:09:09]} {[%emt 00:00:24]} 64. Ke3 {[%clk 00:31:29]}
{[%emt 00:00:16]} Qg4 {[%clk 00:09:29]} {[%emt 00:00:13]} 65. Kf2 {[%clk
00:31:53]} {[%emt 00:00:05]} Kc3 {[%clk 00:09:50]} {[%emt 00:00:09]} 66. Kg2
{[%clk 00:32:18]} {[%emt 00:00:05]} Kd3 {[%clk 00:09:48]} {[%emt 00:00:32]} 67.
h5 {[%clk 00:32:41]} {[%emt 00:00:06]} Qxh5 {[%clk 00:10:03]} {[%emt 00:00:16]}
68. Kf2 {[%clk 00:33:00]} {[%emt 00:00:10]} Qe2+ {[%clk 00:10:14]} {[%emt
00:00:20]} 69. Kg1 {[%clk 00:33:22]} {[%emt 00:00:08]} Ke3 {[%clk 00:10:37]}
{[%emt 00:00:08]} 70. g4 {[%clk 00:33:48]} {[%emt 00:00:03]} Kf3 {[%clk
00:10:57]} {[%emt 00:00:11]} 71. g5 {[%clk 00:34:13]} {[%emt 00:00:04]} Qg2#
{[%clk 00:11:22]} {[%emt 00:00:05]} 0-1

[Event "DEM U16w 2024"]
[Site "Willingen GER"]
[Date "2024.05.19"]
[Round "2"]
[White "Bräutigam, Katerina"]
[Black "Wartenberg, Alissa"]
[Result "1-0"]
[Termination "normal"]
[Board "2"]
[WhiteElo "1988"]
[BlackElo "1820"]
[WhiteClock "00:25:07"]
[BlackClock "00:31:10"]
[PlyCount "83"]
[WhiteFideId "16242980"]
[BlackFideId "16280741"]
[EventCountry "GER"]
[EventRounds "9"]
[EventType "swiss"]
[EventDate "2024.05.18"]

1. e4 {[%clk 01:30:57]} {[%emt 00:00:02]} c5 {[%clk 01:30:58]} {[%emt
00:00:03]} 2. Nf3 {[%clk 01:31:21]} {[%emt 00:00:05]} e6 {[%clk 01:31:26]}
{[%emt 00:00:03]} 3. c3 {[%clk 01:31:43]} {[%emt 00:00:08]} d5 {[%clk
01:28:43]} {[%emt 00:03:14]} 4. e5 {[%clk 01:32:07]} {[%emt 00:00:05]} Nc6
{[%clk 01:24:25]} {[%emt 00:04:49]} 5. d4 {[%clk 01:32:25]} {[%emt 00:00:11]}
cxd4 {[%clk 01:23:43]} {[%emt 00:01:12]} 6. cxd4 {[%clk 01:32:42]} {[%emt
00:00:12]} Bb4+ {[%clk 01:18:06]} {[%emt 00:06:08]} 7. Bd2 {[%clk 01:30:30]}
{[%emt 00:02:41]} Qb6 {[%clk 01:14:22]} {[%emt 00:04:14]} 8. Bxb4 {[%clk
01:23:58]} {[%emt 00:07:01]} Qxb4+ {[%clk 01:14:17]} {[%emt 00:00:35]} 9. Qd2
{[%clk 01:24:14]} {[%emt 00:00:14]} Qxd2+ {[%clk 01:14:12]} {[%emt 00:00:37]}
10. Nbxd2 {[%clk 01:20:06]} {[%emt 00:04:36]} Bd7 {[%clk 01:11:14]} {[%emt
00:03:29]} 11. Nb3 {[%clk 01:18:01]} {[%emt 00:02:35]} b6 {[%clk 01:07:48]}
{[%emt 00:03:57]} 12. Rc1 {[%clk 01:13:23]} {[%emt 00:05:06]} Rc8 {[%clk
01:05:29]} {[%emt 00:02:50]} 13. Ba6 {[%clk 01:09:24]} {[%emt 00:04:29]} Rc7
{[%clk 01:04:38]} {[%emt 00:01:20]} 14. Ke2 {[%clk 01:03:58]} {[%emt 00:05:56]}
Kd8 {[%clk 00:54:30]} {[%emt 00:10:39]} 15. a3 {[%clk 00:57:04]} {[%emt
00:07:24]} Nb8 {[%clk 00:43:13]} {[%emt 00:11:47]} 16. Rxc7 {[%clk 00:50:34]}
{[%emt 00:06:59]} Kxc7 {[%clk 00:43:38]} {[%emt 00:00:06]} 17. Rc1+ {[%clk
00:50:09]} {[%emt 00:00:54]} Kd8 {[%clk 00:41:17]} {[%emt 00:02:52]} 18. Bd3
{[%clk 00:50:13]} {[%emt 00:00:25]} f6 {[%clk 00:34:33]} {[%emt 00:07:15]} 19.
Nbd2 {[%clk 00:35:11]} {[%emt 00:15:32]} Ne7 {[%clk 00:27:45]} {[%emt
00:07:18]} 20. b4 {[%clk 00:30:23]} {[%emt 00:05:17]} Nbc6 {[%clk 00:24:02]}
{[%emt 00:04:14]} 21. Nb3 {[%clk 00:21:57]} {[%emt 00:08:56]} Ng6 {[%clk
00:21:13]} {[%emt 00:03:19]} 22. Kd2 {[%clk 00:08:34]} {[%emt 00:13:53]} Nf4
{[%clk 00:19:45]} {[%emt 00:01:58]} 23. Bf1 {[%clk 00:05:13]} {[%emt 00:03:50]}
fxe5 {[%clk 00:13:53]} {[%emt 00:06:23]} 24. dxe5 {[%clk 00:01:49]} {[%emt
00:03:54]} Rf8 {[%clk 00:11:33]} {[%emt 00:02:50]} 25. b5 {[%clk 00:00:52]}
{[%emt 00:01:27]} Ne7 {[%clk 00:08:42]} {[%emt 00:03:21]} 26. Nbd4 {[%clk
00:00:48]} {[%emt 00:00:33]} Nf5 {[%clk 00:06:55]} {[%emt 00:02:18]} 27. Nc6+
{[%clk 00:00:33]} {[%emt 00:00:44]} Bxc6 {[%clk 00:07:14]} {[%emt 00:00:12]}
28. bxc6 {[%clk 00:00:36]} {[%emt 00:00:26]} Kc7 {[%clk 00:07:15]} {[%emt
00:00:29]} 29. g4 {[%clk 00:00:34]} {[%emt 00:00:32]} Ne7 {[%clk 00:07:04]}
{[%emt 00:00:42]} 30. Nd4 {[%clk 00:00:53]} {[%emt 00:00:11]} Nc8 {[%clk
00:04:57]} {[%emt 00:02:37]} 31. Ba6 {[%clk 00:00:40]} {[%emt 00:00:42]} Ne7
{[%clk 00:01:36]} {[%emt 00:03:51]} 32. Nb5+ {[%clk 00:00:44]} {[%emt
00:00:26]} Kd8 {[%clk 00:01:06]} {[%emt 00:01:01]} 33. c7+ {[%clk 00:00:45]}
{[%emt 00:00:29]} Kd7 {[%clk 00:01:31]} {[%emt 00:00:05]} 34. Nd6 {[%clk
00:00:42]} {[%emt 00:00:32]} Nc8 {[%clk 00:01:24]} {[%emt 00:00:38]} 35. Bxc8+
{[%clk 00:00:34]} {[%emt 00:00:37]} Rxc8 {[%clk 00:01:50]} {[%emt 00:00:04]}
36. Nxc8 {[%clk 00:00:39]} {[%emt 00:00:24]} Kxc8 {[%clk 00:02:18]} {[%emt
00:00:03]} 37. Ke3 {[%clk 00:00:34]} {[%emt 00:00:35]} g5 {[%clk 00:01:51]}
{[%emt 00:00:58]} 38. Rc6 {[%clk 00:00:34]} {[%emt 00:00:30]} Ng2+ {[%clk
00:01:40]} {[%emt 00:00:41]} 39. Kd4 {[%clk 00:00:43]} {[%emt 00:00:21]} Nf4
{[%clk 00:01:10]} {[%emt 00:01:00]} 40. a4 {[%clk 00:00:41]} {[%emt 00:00:32]}
a5 {[%clk 00:00:48]} {[%emt 00:00:52]} 41. Rxb6 {[%clk 00:25:13]} {[%emt
00:05:58]} Kxc7 {[%clk 00:31:10]} {[%emt 00:00:08]} 42. Ra6 {[%clk 00:25:07]}
{[%emt 00:00:36]} 1-0

[Event "DEM U16w 2024"]
[Site "Willingen GER"]
[Date "2024.05.19"]
[Round "2"]
[White "Bursan, Ana-Maria"]
[Black "Müller, Riyanna"]
[Result "0-1"]
[Termination "normal"]
[Board "3"]
[WhiteElo "1715"]
[BlackElo "1902"]
[WhiteClock "00:01:50"]
[BlackClock "00:03:13"]
[PlyCount "128"]
[WhiteFideId "34620150"]
[BlackFideId "16287401"]
[EventCountry "GER"]
[EventRounds "9"]
[EventType "swiss"]
[EventDate "2024.05.18"]

1. e4 {[%clk 01:30:55]} {[%emt 00:00:04]} d5 {[%clk 01:29:36]} {[%emt
00:01:25]} 2. exd5 {[%clk 01:30:30]} {[%emt 00:00:54]} Qxd5 {[%clk 01:30:00]}
{[%emt 00:00:07]} 3. Nc3 {[%clk 01:30:46]} {[%emt 00:00:14]} Qd8 {[%clk
01:30:20]} {[%emt 00:00:09]} 4. d4 {[%clk 01:29:39]} {[%emt 00:01:37]} Nf6
{[%clk 01:30:28]} {[%emt 00:00:22]} 5. Nf3 {[%clk 01:29:30]} {[%emt 00:00:39]}
Bg4 {[%clk 01:30:18]} {[%emt 00:00:41]} 6. h3 {[%clk 01:28:17]} {[%emt
00:01:42]} Bxf3 {[%clk 01:30:26]} {[%emt 00:00:23]} 7. Qxf3 {[%clk 01:27:35]}
{[%emt 00:01:11]} c6 {[%clk 01:30:45]} {[%emt 00:00:12]} 8. Be3 {[%clk
01:26:59]} {[%emt 00:01:05]} e6 {[%clk 01:30:45]} {[%emt 00:00:31]} 9. Bd3
{[%clk 01:22:45]} {[%emt 00:04:44]} Nbd7 {[%clk 01:29:42]} {[%emt 00:01:32]}
10. O-O {[%clk 01:18:14]} {[%emt 00:05:02]} Be7 {[%clk 01:29:17]} {[%emt
00:00:55]} 11. a3 {[%clk 01:12:38]} {[%emt 00:06:06]} O-O {[%clk 01:27:50]}
{[%emt 00:01:56]} 12. Ne4 {[%clk 01:08:36]} {[%emt 00:04:32]} Nxe4 {[%clk
01:26:40]} {[%emt 00:01:40]} 13. Bxe4 {[%clk 01:06:30]} {[%emt 00:02:36]} Nf6
{[%clk 01:26:46]} {[%emt 00:00:25]} 14. Bd3 {[%clk 01:05:33]} {[%emt 00:01:27]}
Qd5 {[%clk 01:26:12]} {[%emt 00:01:04]} 15. Qe2 {[%clk 01:02:58]} {[%emt
00:03:04]} Rfd8 {[%clk 01:25:29]} {[%emt 00:01:13]} 16. c3 {[%clk 01:00:39]}
{[%emt 00:02:49]} a5 {[%clk 01:23:16]} {[%emt 00:02:44]} 17. a4 {[%clk
00:58:15]} {[%emt 00:02:54]} Rd7 {[%clk 01:16:07]} {[%emt 00:07:37]} 18. Rad1
{[%clk 00:54:24]} {[%emt 00:04:22]} Bd8 {[%clk 01:06:05]} {[%emt 00:10:33]} 19.
Bc4 {[%clk 00:43:29]} {[%emt 00:11:24]} Qd6 {[%clk 01:04:04]} {[%emt 00:02:31]}
20. g3 {[%clk 00:41:30]} {[%emt 00:02:28]} Nd5 {[%clk 01:02:41]} {[%emt
00:01:54]} 21. Bc1 {[%clk 00:39:02]} {[%emt 00:02:58]} Bf6 {[%clk 00:54:54]}
{[%emt 00:08:17]} 22. Rfe1 {[%clk 00:34:00]} {[%emt 00:05:32]} Re8 {[%clk
00:50:51]} {[%emt 00:04:33]} 23. Qg4 {[%clk 00:27:45]} {[%emt 00:06:43]} Bd8
{[%clk 00:45:52]} {[%emt 00:05:29]} 24. Bd3 {[%clk 00:20:43]} {[%emt 00:07:34]}
Nf6 {[%clk 00:35:28]} {[%emt 00:10:54]} 25. Qe2 {[%clk 00:19:03]} {[%emt
00:02:11]} Bc7 {[%clk 00:33:14]} {[%emt 00:02:44]} 26. Bf4 {[%clk 00:17:06]}
{[%emt 00:02:27]} Qe7 {[%clk 00:31:38]} {[%emt 00:02:05]} 27. Bxc7 {[%clk
00:13:44]} {[%emt 00:03:53]} Rxc7 {[%clk 00:32:04]} {[%emt 00:00:04]} 28. Qe5
{[%clk 00:13:49]} {[%emt 00:00:24]} b6 {[%clk 00:30:02]} {[%emt 00:02:32]} 29.
Re3 {[%clk 00:10:24]} {[%emt 00:03:56]} Rd8 {[%clk 00:29:57]} {[%emt 00:00:34]}
30. Bc4 {[%clk 00:08:59]} {[%emt 00:01:55]} Rb7 {[%clk 00:26:15]} {[%emt
00:04:11]} 31. Re2 {[%clk 00:05:02]} {[%emt 00:04:28]} b5 {[%clk 00:23:48]}
{[%emt 00:02:57]} 32. axb5 {[%clk 00:05:14]} {[%emt 00:00:18]} cxb5 {[%clk
00:24:10]} {[%emt 00:00:09]} 33. Ba2 {[%clk 00:04:43]} {[%emt 00:01:01]} Kf8
{[%clk 00:14:30]} {[%emt 00:10:06]} 34. Rde1 {[%clk 00:02:53]} {[%emt
00:02:23]} a4 {[%clk 00:09:11]} {[%emt 00:05:50]} 35. f4 {[%clk 00:01:54]}
{[%emt 00:01:29]} Qd7 {[%clk 00:07:42]} {[%emt 00:01:58]} 36. Qc5+ {[%clk
00:01:36]} {[%emt 00:00:48]} Qd6 {[%clk 00:06:38]} {[%emt 00:01:32]} 37. Qxd6+
{[%clk 00:01:20]} {[%emt 00:00:49]} Rxd6 {[%clk 00:07:03]} {[%emt 00:00:05]}
38. Re5 {[%clk 00:01:28]} {[%emt 00:00:22]} Nd7 {[%clk 00:05:27]} {[%emt
00:02:05]} 39. R5e2 {[%clk 00:01:30]} {[%emt 00:00:29]} g6 {[%clk 00:05:13]}
{[%emt 00:00:44]} 40. h4 {[%clk 00:00:55]} {[%emt 00:01:04]} h5 {[%clk
00:05:11]} {[%emt 00:00:32]} 41. Kf2 {[%clk 00:00:43]} {[%emt 00:00:41]} Nf6
{[%clk 00:00:49]} {[%emt 00:04:51]} 42. Kf3 {[%clk 00:26:03]} {[%emt 00:05:12]}
Ra6 {[%clk 00:22:48]} {[%emt 00:08:24]} 43. Re5 {[%clk 00:21:51]} {[%emt
00:04:46]} a3 {[%clk 00:18:50]} {[%emt 00:04:32]} 44. Rb1 {[%clk 00:19:17]}
{[%emt 00:03:03]} b4 {[%clk 00:17:04]} {[%emt 00:02:16]} 45. cxb4 {[%clk
00:06:43]} {[%emt 00:13:04]} Rxb4 {[%clk 00:14:57]} {[%emt 00:02:37]} 46. bxa3
{[%clk 00:05:34]} {[%emt 00:01:40]} Rxa3+ {[%clk 00:14:16]} {[%emt 00:01:10]}
47. Re3 {[%clk 00:05:42]} {[%emt 00:00:22]} Rxe3+ {[%clk 00:12:18]} {[%emt
00:02:28]} 48. Kxe3 {[%clk 00:05:56]} {[%emt 00:00:16]} Rxb1 {[%clk 00:11:20]}
{[%emt 00:01:28]} 49. Bxb1 {[%clk 00:06:19]} {[%emt 00:00:07]} Ke7 {[%clk
00:11:44]} {[%emt 00:00:06]} 50. Bd3 {[%clk 00:05:15]} {[%emt 00:01:34]} Kd6
{[%clk 00:11:25]} {[%emt 00:00:49]} 51. Bc4 {[%clk 00:05:09]} {[%emt 00:00:35]}
Ng8 {[%clk 00:04:34]} {[%emt 00:07:22]} 52. Bd3 {[%clk 00:01:54]} {[%emt
00:03:45]} Ne7 {[%clk 00:03:58]} {[%emt 00:01:06]} 53. Kf3 {[%clk 00:00:57]}
{[%emt 00:01:27]} Nf5 {[%clk 00:02:53]} {[%emt 00:01:36]} 54. Bxf5 {[%clk
00:01:18]} {[%emt 00:00:08]} gxf5 {[%clk 00:03:20]} {[%emt 00:00:02]} 55. Ke2
{[%clk 00:00:55]} {[%emt 00:00:54]} Kc6 {[%clk 00:02:34]} {[%emt 00:01:17]} 56.
Kd2 {[%clk 00:00:45]} {[%emt 00:00:39]} Kd5 {[%clk 00:01:53]} {[%emt 00:01:11]}
57. Kd3 {[%clk 00:00:55]} {[%emt 00:00:20]} f6 {[%clk 00:01:59]} {[%emt
00:00:24]} 58. Ke3 {[%clk 00:00:48]} {[%emt 00:00:37]} Kc4 {[%clk 00:02:22]}
{[%emt 00:00:07]} 59. g4 {[%clk 00:00:44]} {[%emt 00:00:34]} fxg4 {[%clk
00:02:43]} {[%emt 00:00:10]} 60. Ke4 {[%clk 00:00:39]} {[%emt 00:00:34]} g3
{[%clk 00:02:43]} {[%emt 00:00:30]} 61. Kf3 {[%clk 00:01:05]} {[%emt 00:00:04]}
Kxd4 {[%clk 00:03:01]} {[%emt 00:00:12]} 62. Kxg3 {[%clk 00:01:23]} {[%emt
00:00:12]} Ke4 {[%clk 00:03:17]} {[%emt 00:00:14]} 63. f5 {[%clk 00:01:36]}
{[%emt 00:00:17]} exf5 {[%clk 00:03:13]} {[%emt 00:00:34]} 64. Kg2 {[%clk
00:01:50]} {[%emt 00:00:16]} Ke5 {[%emt 00:00:38]} 0-1